Christmas crafts : things to make the 24 days before Christmas /

Bibliographic Details
Main Author: Meyer, Carolyn
Other Authors: Lobel, Anita
Format: Book
Language:English
Published: New York : Harper & Row, [1974]
Subjects:

MARC

Tag First Indicator Second Indicator Subfields
LEADER 00000cam a2200000 a 4500
001 in00000050059
005 20151007080009.0
008 741125s1974 nyua 00010 engm
010 |a  74002608  
020 |a 0060241977 :  |c $4.95. 
020 |a 0060241985 (lib. bdg.) :  |c $4.79 
035 |a (OCoLC)01086819 
035 |9 AAF4108AM 
040 |a DLC  |c DLC  |d m.c.  |d TXA  |d UtOrBLW 
049 |a [Curr Col] TXAM  |c [388413] 
050 0 0 |a TT900 C4  |b  M48 1974 
082 0 |a 745.59/41 
100 1 |a Meyer, Carolyn. 
245 1 0 |a Christmas crafts :  |b things to make the 24 days before Christmas /  |c by Carolyn Meyer ; pictures by Anita Lobel. 
264 1 |a New York :  |b Harper & Row,  |c [1974] 
264 4 |c ©1974 
300 |a 136 pages :  |b illustrations ;  |c 24 cm. 
336 |a text  |b txt  |2 rdacontent 
337 |a unmediated  |b n  |2 rdamedia 
338 |a volume  |b nc  |2 rdacarrier 
650 0 |a Christmas decorations. 
650 0 |a Christmas cooking. 
700 1 |a Lobel, Anita. 
999 |a MARS 
999 f f |s 36ebbc77-8f65-3183-8ce3-551954fadf43  |i c0c6c434-27e8-3343-876e-659de7d0cc8b  |t 0 
952 f f |p normal  |a Texas A&M University  |b College Station  |c Sterling C. Evans Library  |d Evans: Curriculum Collection (4th floor)  |t 0  |e TT900 C4 M48 1974  |h Library of Congress classification  |i unmediated -- volume  |m A14805946177 
998 f f |a TT900 C4 M48 1974  |t 0  |l Evans: Curriculum Collection (4th floor)